000 00344nam a2200145Ia 4500
008 191201s2007 xx 000 0 und d
082 _a621.38043GHS
100 _aGHOSH, Samarjit
245 0 _aSignals and Systems
250 _a1st
260 _aN.Delhi
_bPearson Education
_c2007
300 _a474
650 _aB.Tech(ECE)
942 _2ddc
_cBK
999 _c3211
_d3211